Central Library OPAC University of Rajshahi

Shadows on the down and other poems / (Record no. 18514)

MARC details
000 -LEADER
fixed length control field 00728cam a22002531 4500
001 - CONTROL NUMBER
control field 18514
003 - CONTROL NUMBER IDENTIFIER
rucl marc code BD-RjUL
005 - DATE AND TIME OF LATEST TRANSACTION
control field 20211209000309.0
008 - FIXED-LENGTH DATA ELEMENTS--GENERAL INFORMATION
fixed length control field 140220s1941 nyu 000 0 eng
035 ## - SYSTEM CONTROL NUMBER
System control number (BD-RjUL)18572
System control number (OCoLC)925312
040 ## - CATALOGING SOURCE
Original cataloging agency DLC
Transcribing agency PPT
Modifying agency OCoLC
-- DLC
-- BD-RjUL
Language of cataloging eng
041 ## - LANGUAGE CODE
Language code of text/sound track or separate title eng
082 ## - DEWEY DECIMAL CLASSIFICATION NUMBER
Classification number 821.91
Author mark and year NOS
100 1# - MAIN ENTRY--PERSONAL NAME
Personal name Noyes, Alfred,
Dates associated with a name 1880-1958.
9 (RLIN) 57054
245 10 - TITLE STATEMENT
Title Shadows on the down and other poems /
260 ## - PUBLICATION, DISTRIBUTION, ETC. (IMPRINT)
Place of publication, distribution, etc. New York ;
-- Toronto :
Name of publisher, distributor, etc. Frederick A. Stokes Company,
Date of publication, distribution, etc. c1941.
300 ## - PHYSICAL DESCRIPTION
Pagination vii p., 1 l., 110 p. ;
Size 21 cm.
500 ## - GENERAL NOTE
General note At head of title: By Alfred Noyes.
650 ## - SUBJECT ADDED ENTRY--TOPICAL TERM
Topical term or geographic name as entry element Poem
9 (RLIN) 55399
942 ## - ADDED ENTRY ELEMENTS (KOHA)
Source of classification or shelving scheme Dewey Decimal Classification
Koha item type Books
Holdings
Lost status Source of classification or shelving scheme Damaged status Not for loan Collection code Permanent Location Current Location Shelving location Date acquired Source of acquisition Cost, normal purchase price Total Checkouts Full call number Date last seen Copy number Koha item type
  Dewey Decimal Classification   Not For Loan Fiction Central Library, University of Rajshahi Central Library, University of Rajshahi Reading Room 14/05/1975 B.N.B.C Gift 0.00   821.91 NOS 1941 20/02/2014 C-1 Books